| 000 | 00796nam a2200265Ia 4500 | ||
|---|---|---|---|
| 003 | OSt | ||
| 005 | 20221005063957.0 | ||
| 006 | a|||||r|||| 00| 0 | ||
| 007 | ta | ||
| 008 | 221004b |||||||| |||| 00| 0 eng d | ||
| 020 |
_a9789351502654 _cIndian Rupees 850.00 |
||
| 024 | _a28494 | ||
| 037 |
_bGift, 14/02/2017, _cTextual |
||
| 040 |
_aCRL _cCRL _beng |
||
| 041 |
_2eng _aeng |
||
| 082 | _aV2.N5, Q5 | ||
| 100 |
_aSingh Neerja Au. _9603329 |
||
| 245 | 0 |
_aPatel, Prasad and Rajaji _b myth of the Indian right |
|
| 260 |
_aLos _bAngles Sage USA _c2015 |
||
| 300 |
_axiv,300p. _ccm. |
||
| 650 |
_a INDIA - HISTORY - FREEDOM STRUGGLE _922401 |
||
| 650 | _aINDIA - HISTORY | ||
| 942 |
_hV2.N5, Q5 _cTEXL _2cc |
||
| 999 |
_c972180 _d972180 |
||